000 00909nam a2200289 a 4500
001 61606
003 BD-RjUL
005 20211209081000.0
008 170119s1983 ilua b 001 0 eng
020 _a0256027870
035 _a(BD-RjUL)61730
040 _aDLC
_cDLC
_d(BD-RjUL)
_beng
041 _aeng
082 0 0 _a657
_223
_bANA 1983
100 1 _aAnthony, Robert N.
_q(Robert Newton),
_d1916-2006.
_9175271
245 1 0 _aAccounting, text and cases /
_cRobert N. Anthony, James S. Reece.
250 _a7th ed.
260 _aHomewood, Ill. :
_bR.D. Irwin,
_cc1983.
300 _axxvi, 974 p. :
_bill. ;
_c25 cm.
504 _aIncludes bibliographies and index.
650 0 _aAccounting.
_9175106
650 0 _aAccounting
_vCase studies.
_9183545
700 1 _aReece, James S.
_9183546
942 _2ddc
_cBK
999 _c61606
_d61606